Normal view
MARC view
- جامعة عين شمس. مركز تطوير التعليم الجامعي. مؤتمر (ال 12 : 2005 : القاهرة، مصر)
Entry Personal Name
001 - CONTROL NUMBER
- control field: 19081
003 - CONTROL NUMBER IDENTIFIER
- control field: JO-AjAnu
005 - DATE AND TIME OF LATEST TRANSACTION
- control field: 20230606073335.0
008 - FIXED-LENGTH DATA ELEMENTS
- fixed length control field: 230606|| aca||aabn | a|a d
040 ## - CATALOGING SOURCE
- Original cataloging agency: JO-AjAnu
- Transcribing agency: JO-AjAnu
100 ## - HEADING--PERSONAL NAME
- Personal name: جامعة عين شمس. مركز تطوير التعليم الجامعي. مؤتمر (ال 12 : 2005 : القاهرة، مصر)
670 ## - SOURCE DATA FOUND
- Source citation: Work cat.: (JO-AjAnu)9790: جامعة عين شمس. مركز تطوير التعليم الجامعي. مؤتمر (ال 12 : 2005 : القاهرة، مصر) , author, المؤتمر القومي السنوي الثاني عشر (العربي الرابع) لمركز تطوير التعليم الجامعي : تطوير أداء الجامعات العربية في ضوء معايير الجودة الشاملة و نظم الاعتماد، 18-19 ديسمبر 2005م